00718nab a2200193 uc450000100070000000500170000700800410002403500110006503500210007604000130009704100080011010000280011824501320014665000310027865000380030965000360034770000330038377301080041680279920251112154838.0030328e20020701 spa  a802799 a(OCoLC)820015445 ccomduadb aspa10aMonroy, J. C.4auteaut10aUtilizacion de la escala NEMS (nine equivalents of nursing manpower use score) en una unidad de cuidados intensivos pediatricos aCuidado intensivo neonatal 7aEvaluación en enfermería2dcs 7aAtención de enfermería2dcs10aHurtado Pardos, B.4auteaut0 tEnfermería Intensiva (Madrid)gVol. 13, No. 03, Jul.-Sep. 2002, p. 107-112w376243x1130-23990110832